00727nam a2200205Ia 4500003000400000005001700004008004100021040000700062041000800069082001500077100003900092245006800131260004800199300001500247365001400262906007800276942001200354999001900366952013600385OSt20230331151921.0210423s2002 xx 000 0 und d cAL aeng a809.2 HODS aHODGSON-WRIGHT (Stephanie).981057 aWomens writing of the early modern period 1588-1688: anthology. aEdinburghbEdinburgh University Pressc2002 avi,477bPB b2096cINR a1588-1688: ; anthology. ; early ; modern ; oe ; period ; Womens ; writing 2ddccBK c157727d157727 001040708MAENGaSACPGbSACPGd2010-04-24eKnowledge Worldg2096.00l0o809.2 HODSpPG004204r2022-08-24 00:00:00w2021-04-26yBK